000 00626nam a2200181Ia 4500
008 170419s9999 xx 000 0 und d
100 _aMazzi, Francesco.
245 _aCompliance with goodwill-related mandatory disclosure requirements and the cost of equity capital
245 _cFrancesco Mazzi, Paul André, Dionysia Dionysiou & Ioannis Tsalavoutas.
260 _bRoutledge: Taylor & Francis Group
260 _c2017
300 _aApril
440 _aAccounting and Business Research
_v14:3
650 _aACCOUNTING DISCOSURE
650 _aCOMPLIANCE
650 _aCOST OF EQUITY CAPITAL
650 _aGOODWILL
999 _c329467
_d329467